Loading...

The art of speaking :made simple

Bibliographic Details
Main Author: Gondin ,William.R & Mamman,Edward W.
Format: Printed Book
Language:English
Published: Rupa & Co., Calcutta Rupa & Co., Calcutta 1982
LEADER 00520nam a2200121Ia 4500
008 111204s9999 xx 000 0 eng d
100 |a Gondin ,William.R & Mamman,Edward W. 
245 |a The art of speaking :made simple  |c Gondin ,William.R & Mamman,Edward W. 
260 |b Rupa & Co., Calcutta  |a Rupa & Co., Calcutta  |c 1982 
300 |a 258 
942 |c BK 
999 |c 220155  |d 220155 
952 |0 0  |1 0  |2 ddc  |4 0  |6 E_302_200000000000000_GON_A  |7 0  |9 243156  |a MAL  |b MAL  |c ST1  |d 1972-07-27  |g 25.00  |l 0  |o E 302.2 GON/A  |p MAL17360  |r 2011-12-05  |v 25.00  |w 2011-12-05  |y BK